<?xml version="1.0" encoding="UTF-8"?>
<record
    xmlns:xsi="http://www.w3.org/2001/XMLSchema-instance"
    xsi:schemaLocation="http://www.loc.gov/MARC21/slim http://www.loc.gov/standards/marcxml/schema/MARC21slim.xsd"
    xmlns="http://www.loc.gov/MARC21/slim">

  <leader>01153ntm a2200277 a 4500</leader>
  <controlfield tag="001">75905</controlfield>
  <controlfield tag="003">BD-RjUL</controlfield>
  <controlfield tag="005">20211209082748.0</controlfield>
  <controlfield tag="008">190908s2018    bg a|||| bm|| 00| 0 eng d</controlfield>
  <datafield tag="035" ind1=" " ind2=" ">
    <subfield code="a">(BD-RjUL)76124</subfield>
  </datafield>
  <datafield tag="040" ind1=" " ind2=" ">
    <subfield code="a">BD-RjUL</subfield>
    <subfield code="b">eng</subfield>
    <subfield code="c">BD-RjUL</subfield>
    <subfield code="d">BD-RjUL</subfield>
  </datafield>
  <datafield tag="041" ind1=" " ind2=" ">
    <subfield code="a">eng</subfield>
  </datafield>
  <datafield tag="082" ind1=" " ind2=" ">
    <subfield code="a">333.70954924</subfield>
    <subfield code="2">23</subfield>
    <subfield code="b">ISE 2018</subfield>
  </datafield>
  <datafield tag="100" ind1="1" ind2=" ">
    <subfield code="a">Islam, Md. Khairul</subfield>
    <subfield code="9">232854</subfield>
  </datafield>
  <datafield tag="245" ind1="1" ind2="0">
    <subfield code="a">Environmental Impact of Chemical Fertilizer and Pesticide Application in Agriculture: </subfield>
    <subfield code="b">The Case of Northern Bangladesh /</subfield>
    <subfield code="c">Submitted by   Md. Khairul Islam  ;</subfield>
    <subfield code="6">Supervisor: Md. Elias Hossain</subfield>
  </datafield>
  <datafield tag="260" ind1=" " ind2=" ">
    <subfield code="a">Rajshahi :</subfield>
    <subfield code="b">Department of Economics, University of Rajshahi, </subfield>
    <subfield code="c">2014</subfield>
  </datafield>
  <datafield tag="300" ind1=" " ind2=" ">
    <subfield code="a">xvii, 174 leaves :</subfield>
    <subfield code="b">Ill. ;</subfield>
    <subfield code="c">29 cm.</subfield>
  </datafield>
  <datafield tag="502" ind1=" " ind2=" ">
    <subfield code="a">Thesis (M. Phil.) -- Department of Economics, University of Rajshahi, 2014</subfield>
  </datafield>
  <datafield tag="504" ind1=" " ind2=" ">
    <subfield code="a">References: Leaves [138]-167</subfield>
  </datafield>
  <datafield tag="600" ind1=" " ind2=" ">
    <subfield code="d"> 	</subfield>
    <subfield code="9">232878</subfield>
  </datafield>
  <datafield tag="650" ind1=" " ind2=" ">
    <subfield code="a">Pesticides</subfield>
    <subfield code="x">Environmental aspects</subfield>
    <subfield code="9">232856</subfield>
  </datafield>
  <datafield tag="650" ind1=" " ind2=" ">
    <subfield code="a">Chemical Fertilizers</subfield>
    <subfield code="x">Environmental aspects</subfield>
    <subfield code="9">232857</subfield>
  </datafield>
  <datafield tag="650" ind1=" " ind2=" ">
    <subfield code="a">Agriculture</subfield>
    <subfield code="z">Bangladesh</subfield>
    <subfield code="z">Northern region</subfield>
    <subfield code="x">Economic aspects</subfield>
    <subfield code="9">232860</subfield>
  </datafield>
  <datafield tag="700" ind1=" " ind2=" ">
    <subfield code="a">Hossain, Md. Elias, Supervisor </subfield>
    <subfield code="9">232858</subfield>
  </datafield>
  <datafield tag="942" ind1=" " ind2=" ">
    <subfield code="2">ddc</subfield>
    <subfield code="c">THE</subfield>
  </datafield>
  <datafield tag="999" ind1=" " ind2=" ">
    <subfield code="c">75905</subfield>
    <subfield code="d">75905</subfield>
  </datafield>
  <datafield tag="952" ind1=" " ind2=" ">
    <subfield code="0">0</subfield>
    <subfield code="1">0</subfield>
    <subfield code="2">ddc</subfield>
    <subfield code="4">0</subfield>
    <subfield code="7">1</subfield>
    <subfield code="8">THESES</subfield>
    <subfield code="a">RUCL</subfield>
    <subfield code="b">RUCL</subfield>
    <subfield code="c">Doc/The</subfield>
    <subfield code="d">2019-04-02</subfield>
    <subfield code="e">Controller of Examination Office, R. U.</subfield>
    <subfield code="l">0</subfield>
    <subfield code="o">THE 333.70954924 ISE 2018</subfield>
    <subfield code="r">2019-09-08 00:00:00</subfield>
    <subfield code="t">C-1</subfield>
    <subfield code="w">2019-09-08</subfield>
    <subfield code="y">THE</subfield>
  </datafield>
</record>
